Notes on a Piano - Statistics

General Stats
  • This quiz has been taken 589 times
  • The average score is 18 of 22
Answer Stats
Answer % Correct
C
99%
C#
99%
D
99%
D#
99%
A
98%
A#
98%
E
98%
E#
98%
F
98%
F#
98%
G
98%
G#
98%
B
97%
B#
97%
Ab
61%
Bb
60%
Cb
60%
Gb
60%
Db
59%
Eb
59%
Fb
59%
Q
13%
No matching quizzes found
Score Distribution
Percent of People with Each Score
Percentile by Number Answered
Your Score History
You have not taken this quiz